| 000 | 00820nas a2200277 4500 | ||
|---|---|---|---|
| 001 | BR2018002716 | ||
| 003 | BR-BrBNA | ||
| 005 | 20231205131521.0 | ||
| 007 | ta | ||
| 008 | 230509b bl.|||p| |||| 00| 00por d | ||
| 040 |
_aBR-BrBNA _bpor _cBiblioteca Nacional de Agricultura |
||
| 041 | _a(En) | ||
| 072 | _aF30 | ||
| 100 | 1 | _aMartins, K. | |
| 100 | 1 | _aSantos, R. da S.O. dos | |
| 100 | 1 | _aCampos, T. de | |
| 100 | 1 | _aWadt, L.H. de O. | |
| 245 | 1 | _aPollen and seed dispersal of Brazil nut trees in the southwestern Brazilian Amazon | |
| 650 | _aCASTANHA | ||
| 650 | _aSEMENTE | ||
| 650 | _aPÓLEN | ||
| 650 | _aGENÉTICA VEGETAL | ||
| 773 | 0 |
_tActa Amazônica (Brazil) _xISSN 0044-5967 _g(Dec 2018), v. 48(4) p. 374-380 _wBR2018002716 |
|
| 909 |
_a202311 _bLúcia _c55 _dLúcia Elande |
||
| 942 |
_2AGRIS _n0 _cANA |
||
| 999 |
_c255238 _d255238 |
||